African Spirituality ,Politics, and Knowledge Systems: (Record no. 103)
[ view plain ]
| 000 -LEADER | |
|---|---|
| fixed length control field | 08930nam a22001577a 4500 |
| 008 - FIXED-LENGTH DATA ELEMENTS--GENERAL INFORMATION | |
| fixed length control field | 260106b |||||||| |||| 00| 0 eng d |
| 010 ## - LIBRARY OF CONGRESS CONTROL NUMBER | |
| LC control number | 2021950368 |
| 020 ## - INTERNATIONAL STANDARD BOOK NUMBER | |
| International Standard Book Number | 9781350271982 |
| 100 ## - MAIN ENTRY--PERSONAL NAME | |
| Personal name | Toyin Falola Toyin falola |
| Dates associated with a name | Toyin Falola,2022,2023. |
| Date of a work | 2023 |
| 245 ## - TITLE STATEMENT | |
| Title | African Spirituality ,Politics, and Knowledge Systems: |
| Remainder of title | :Sacred Words and Holy Realms/ |
| Statement of responsibility, etc. | Falola,Toyin |
| 250 ## - EDITION STATEMENT | |
| Edition statement | series |
| 260 ## - PUBLICATION, DISTRIBUTION, ETC. | |
| Place of publication, distribution, etc. | UK; |
| Name of publisher, distributor, etc. | Bloomsbury Publishing PLC, |
| Date of publication, distribution, etc. | 2023. |
| 300 ## - PHYSICAL DESCRIPTION | |
| Extent | 26cm |
| 942 ## - ADDED ENTRY ELEMENTS (KOHA) | |
| Source of classification or shelving scheme | Library of Congress Classification |
No items available.
